<?xml version="1.0" encoding="UTF-8"?><?xml-stylesheet type="text/xsl" href="static/style.xsl"?><OAI-PMH xmlns="http://www.openarchives.org/OAI/2.0/" xmlns:xsi="http://www.w3.org/2001/XMLSchema-instance" xsi:schemaLocation="http://www.openarchives.org/OAI/2.0/ http://www.openarchives.org/OAI/2.0/OAI-PMH.xsd"><responseDate>2026-06-02T10:37:15Z</responseDate><request verb="GetRecord" identifier="oai:riuma.uma.es:10630/20737" metadataPrefix="marc">https://riuma.uma.es/rest/oai/request</request><GetRecord><record><header><identifier>oai:riuma.uma.es:10630/20737</identifier><datestamp>2026-02-03T10:23:19Z</datestamp><setSpec>com_10630_1685</setSpec><setSpec>col_10630_38055</setSpec></header><metadata><record xmlns="http://www.loc.gov/MARC21/slim" xmlns:dcterms="http://purl.org/dc/terms/" xmlns:doc="http://www.lyncode.com/xoai" xmlns:xsi="http://www.w3.org/2001/XMLSchema-instance" xsi:schemaLocation="http://www.loc.gov/MARC21/slim http://www.loc.gov/standards/marcxml/schema/MARC21slim.xsd">
   <leader>00925njm 22002777a 4500</leader>
   <datafield ind2=" " ind1=" " tag="042">
      <subfield code="a">dc</subfield>
   </datafield>
   <datafield ind2=" " ind1=" " tag="720">
      <subfield code="a">Anaya Cabanding, Elena</subfield>
      <subfield code="e">author</subfield>
   </datafield>
   <datafield ind2=" " ind1=" " tag="260">
      <subfield code="c">2021-01-18</subfield>
   </datafield>
   <datafield ind2=" " ind1=" " tag="520">
      <subfield code="a">El siguiente proyecto consta de una serie de 64 dibujos en&#xd;
distintos formatos y técnicas, en los que experimento con cambios&#xd;
muy sutiles hasta llegar a la resolución final. Está realizado a través&#xd;
de una acumulación de líneas y tiempo donde se muestra un lenguaje del silencio, minuciosidad y paciencia acompañado de una&#xd;
introspección donde el cuerpo y la mente se juntan para crear cada dibujo.&#xd;
El resultado consta de un paisaje de pensamiento donde el espectador puede perderse, cada trazo es una marca en el tiempo, un pensamiento preciso donde la mente se encuentra en un estado determinado en un tiempo concreto.&#xd;
Las piezas forman, a través de la acumulación de líneas, una mása sutil configurada de ruido donde cada línea posee su valor,&#xd;
precisión y tono, creando un conjunto de ruido donde el vacío y el silencio se encuentran presentes.</subfield>
   </datafield>
   <datafield ind1="8" ind2=" " tag="024">
      <subfield code="a">https://hdl.handle.net/10630/20737</subfield>
   </datafield>
   <datafield tag="653" ind2=" " ind1=" ">
      <subfield code="a">Bellas Artes - Trabajos Fin de Grado</subfield>
   </datafield>
   <datafield tag="653" ind2=" " ind1=" ">
      <subfield code="a">Grado en Bellas Artes - Trabajos Fin de Grado</subfield>
   </datafield>
   <datafield tag="653" ind2=" " ind1=" ">
      <subfield code="a">Arte</subfield>
   </datafield>
   <datafield tag="653" ind2=" " ind1=" ">
      <subfield code="a">Dibujo</subfield>
   </datafield>
   <datafield ind2="0" ind1="0" tag="245">
      <subfield code="a">Entre dos puntos = between two points</subfield>
   </datafield>
</record>
</metadata></record></GetRecord></OAI-PMH>